Top 15 Countries With The Most Imports and Exports in 2022 - Statistics

General Stats
  • This quiz has been taken 52 times
  • The average score is 26 of 30
Answer Stats
$ Answer % Correct
2.1 trillion United States
100%
3.4 trillion United States
100%
3.6 trillion China
98%
2.7 trillion China
98%
530 billion United Kingdom
96%
816 billion United Kingdom
96%
609 billion France
93%
814 billion France
93%
1.7 trillion Germany
93%
1.6 trillion Germany
93%
599 billion Canada
91%
570 billion Canada
91%
659 billion Italy
91%
695 billion Italy
91%
499 billion Spain
91%
752 billion Japan
89%
905 billion Japan
89%
578 billion Mexico
89%
604 billion Mexico
89%
684 billion South Korea
89%
731 billion South Korea
89%
732 billion India
87%
578 billion Russia
87%
768 billion Netherlands
85%
710 billion Netherlands
85%
636 billion Belgium
78%
624 billion Belgium
78%
516 billion United Arab Emirates
63%
515 billion Singapore
54%
475 billion Singapore
54%
No matching quizzes found
Score Distribution
Percent of People with Each Score
Percentile by Number Answered
Your Score History
You have not taken this quiz